Vasút vonalak (Budapest) - Statistics

General Stats
  • This quiz has been taken 11 times
  • The average score is 48 of 103
Answer Stats
Answer % Correct
1
100%
2
100%
4
100%
5
100%
7
100%
8
100%
14
89%
30
89%
9
89%
10
78%
100
78%
11
78%
12
78%
15
78%
16
78%
18
78%
20
78%
21
78%
23
78%
25
78%
26
78%
29
78%
35
78%
40
78%
120
67%
36
67%
38
67%
39
67%
41
67%
44
67%
45
67%
50
67%
60
67%
70
67%
80
67%
90
67%
110
56%
111
56%
113
56%
114
56%
115
56%
121
56%
142
56%
150
56%
61
56%
101
44%
102
44%
103
44%
105
44%
106
44%
108
44%
109
44%
125
44%
127
44%
128
44%
130
44%
135
44%
136
44%
140
44%
145
44%
146
44%
147
44%
154
44%
155
44%
46
44%
47
44%
71
44%
75
44%
85
44%
86
44%
87
44%
89
44%
92
44%
94
44%
98
44%
78
33%
81
33%
82
33%
116117
0%
250
0%
251
0%
252
0%
253
0%
260
0%
305
0%
307
0%
310
0%
311
0%
317
0%
318
0%
318a
0%
319
0%
321
0%
323
0%
324
0%
325
0%
330
0%
332
0%
333
0%
335
0%
42-43
0%
65-66
0%
8a
0%
No matching quizzes found
Score Distribution
Percent of People with Each Score
Percentile by Number Answered
Your Score History
You have not taken this quiz